| 000 | 00669nam a22002177a 4500 | ||
|---|---|---|---|
| 999 |
_c7983 _d7983 |
||
| 003 | OSt | ||
| 005 | 20220812124619.0 | ||
| 008 | 220812b ||||| |||| 00| 0 eng d | ||
| 020 | _a9788284102337 | ||
| 040 | _cddc | ||
| 082 | _a571.43 FLA 2019 | ||
| 100 |
_aFlanagan, Sean P. _914158 |
||
| 245 |
_aBiomechanics : _b a case-based approach |
||
| 260 |
_aBurlington, MA : _bJones & Bartlett Learning, _c2019 |
||
| 300 |
_axix, 380 pages : _b illustrations ; _c29 cm |
||
| 504 | _aIncludes bibliographical references and index. | ||
| 650 |
_aBiomechanical Phenomena. _914162 |
||
| 650 |
_aHuman mechanics _9162 |
||
| 650 |
_aBiomechanics _92796 |
||
| 942 |
_2ddc _cBOOK |
||